[Event "Rosario Italia Cup"]
[Site "Rosario"]
[Date "2023.12.02"]
[Round "3"]
[White "Vacchieri, Ismael"]
[Black "Mosconi, Ariel Oscar"]
[Result "1/2-1/2"]
[WhiteElo "1567"]
[BlackElo "2003"]
[PlyCount "96"]
[EventDate "2023.12.01"]
[EventType "swiss"]
[EventRounds "6"]
[EventCountry "ARG"]
[SourceTitle "CB50_2023"]
[SourceDate "2023.12.13"]
[SourceVersion "1"]
[SourceVersionDate "2023.12.13"]
[SourceQuality "1"]

1. Nf3 g6 2. e4 c6 3. d4 d5 4. Nbd2 Bg7 5. c3 dxe4 6. Nxe4 Nf6 7. Bd3 0-0 8. 0-0 Nbd7 9. Nxf6+ exf6 10. Be3 Re8 11. Qc2 Nf8 12. Rfe1 Be6 13. h3 a5 14. a4 Bd5 15. Nd2 f5 16. c4 Be6 17. Nf3 Qc7 18. Qd2 Rad8 19. Rad1 Bc8 20. Bg5 f6 21. Bf4 Rxe1+ 22. Rxe1 Qd7 23. c5 g5 24. Bd6 Re8 25. Bc4+ Kh8 26. Re2 Rxe2 27. Qxe2 Ng6 28. g3 Bf8 29. Bxf8 Nxf8 30. Nxg5 fxg5 31. Qe5+ Qg7 32. Qe8 Bd7 33. Qd8 h6 34. b3 Kh7 35. Qxa5 Ne6 36. Qb6 Bc8 37. d5 cxd5 38. Bxd5 Qc7 39. b4 Qxb6 40. cxb6 Kg7 41. a5 Nd8 42. b5 Kf6 43. f4 gxf4 44. gxf4 Ke7 45. Bc4 Kd6 46. a6 bxa6 47. bxa6 Kc6 48. b7 Bxb7 1/2-1/2

[Event "Rosario Italia Cup"]
[Site "Rosario"]
[Date "2023.12.01"]
[Round "1"]
[White "Sarla, Andres"]
[Black "Mosconi, Ariel Oscar"]
[Result "0-1"]
[WhiteElo "1346"]
[BlackElo "2003"]
[PlyCount "32"]
[EventDate "2023.12.01"]
[EventType "swiss"]
[EventRounds "6"]
[EventCountry "ARG"]
[SourceTitle "CB50_2023"]
[SourceDate "2023.12.13"]
[SourceVersion "1"]
[SourceVersionDate "2023.12.13"]
[SourceQuality "1"]

1. e4 g6 2. d4 Bg7 3. c4 e6 4. Nf3 Ne7 5. Bg5 h6 6. Bh4 d5 7. e5 g5 8. Nxg5 hxg5 9. Bxg5 c5 10. Nc3 Nbc6 11. cxd5 exd5 12. Bb5 Be6 13. Qa4 cxd4 14. Qxd4 Qc7 15. f4 0-0-0 16. Bxe7 Nxd4 0-1

[Event "Pergamino op"]
[Site "Pergamino"]
[Date "2022.12.09"]
[Round "1"]
[White "Mosconi, Ariel Oscar"]
[Black "Roces, Cesar"]
[Result "1-0"]
[WhiteElo "2016"]
[BlackElo "1354"]
[PlyCount "65"]
[EventDate "2022.12.09"]
[EventType "swiss"]
[EventRounds "6"]
[EventCountry "ARG"]
[SourceTitle "EXT 2024"]
[Source "ChessBase"]
[SourceDate "2023.10.10"]
[SourceVersion "1"]
[SourceVersionDate "2023.10.10"]
[SourceQuality "1"]

1. g3 e6 2. Bg2 f5 3. c4 Nf6 4. Nf3 d5 5. 0-0 c6 6. d3 Bd6 7. Nc3 0-0 8. cxd5 cxd5 9. e4 fxe4 10. dxe4 dxe4 11. Ng5 Nc6 12. Ngxe4 Be5 13. Be3 Bxc3 14. bxc3 e5 15. Qb3+ Kh8 16. Rad1 Qe8 17. Bc5 Nxe4 18. Bxf8 Nxc3 19. Bxg7+ Kxg7 20. Qxc3 Bd7 21. Rfe1 Rc8 22. Qb2 b6 23. h3 Qe7 24. Bxc6 Rxc6 25. Rxe5 Qf6 26. Re7+ Kg6 27. Qxf6+ Kxf6 28. Rdxd7 b5 29. Rxh7 Ke6 30. Rxa7 Kd5 31. Ra5 Kc4 32. Rh4+ Kc5 33. Rh5+ 1-0

[Event "Pergamino op"]
[Site "Pergamino"]
[Date "2022.12.09"]
[Round "2"]
[White "Romero Barreto, Jaime Jose"]
[Black "Mosconi, Ariel Oscar"]
[Result "1-0"]
[WhiteElo "2351"]
[BlackElo "2016"]
[PlyCount "47"]
[EventDate "2022.12.09"]
[EventType "swiss"]
[EventRounds "6"]
[EventCountry "ARG"]
[SourceTitle "EXT 2024"]
[Source "ChessBase"]
[SourceDate "2023.10.10"]
[SourceVersion "1"]
[SourceVersionDate "2023.10.10"]
[SourceQuality "1"]

1. e4 a6 2. d4 e6 3. Nf3 d5 4. Nc3 Bb4 5. e5 c5 6. Bd2 cxd4 7. Nxd4 Nc6 8. Nxc6 bxc6 9. Qg4 Bf8 10. Bd3 Qc7 11. Qg3 Ne7 12. 0-0 c5 13. b3 Bb7 14. Rfe1 0-0-0 15. Na4 Nf5 16. Bxf5 exf5 17. Bf4 Qc6 18. Qh3 g6 19. Bg5 Bg7 20. Bxd8 Kxd8 21. Rad1 Kc8 22. Rxd5 Kb8 23. c4 Qe6 24. Nxc5 1-0

[Event "American Continental 14th"]
[Site "Montevideo"]
[Date "2018.06.07"]
[Round "7"]
[White "Mosconi, Ariel Oscar"]
[Black "Cabrera Pando, Ramiro"]
[Result "0-1"]
[WhiteElo "2073"]
[BlackElo "2196"]
[PlyCount "62"]
[EventDate "2018.06.01"]
[EventType "swiss"]
[EventRounds "11"]
[EventCountry "URU"]
[SourceTitle "CBM 184 Extra"]
[Source "ChessBase"]
[SourceDate "2018.06.28"]
[SourceVersion "1"]
[SourceVersionDate "2018.06.28"]
[SourceQuality "1"]

1. Nf3 g6 2. c4 Bg7 3. g3 c5 4. Bg2 Nc6 5. 0-0 d6 6. Nc3 e5 7. d3 Nge7 8. Ne1 Be6 9. Nd5 0-0 10. Nc2 Rb8 11. Bg5 f6 12. Bd2 b5 13. b3 Qd7 14. Re1 Bh3 15. Bh1 f5 16. Bg5 f4 17. Bxe7 Nxe7 18. Nxe7+ Qxe7 19. e3 fxg3 20. fxg3 e4 21. Rc1 Bc3 22. Qe2 Bxe1 23. Rxe1 exd3 24. Qxd3 Qf6 25. Bd5+ Kg7 26. Qe2 Qe5 27. e4 bxc4 28. Qxc4 Rf6 29. Ne3 Rbf8 30. Qe2 Qd4 31. Bc4 Rf1+ 0-1

[Event "American Continental 14th"]
[Site "Montevideo"]
[Date "2018.06.02"]
[Round "2"]
[White "Areco, Antonio"]
[Black "Mosconi, Ariel Oscar"]
[Result "0-1"]
[WhiteElo "1746"]
[BlackElo "2073"]
[PlyCount "92"]
[EventDate "2018.06.01"]
[EventType "swiss"]
[EventRounds "11"]
[EventCountry "URU"]
[SourceTitle "CBM 184 Extra"]
[Source "ChessBase"]
[SourceDate "2018.06.28"]
[SourceVersion "1"]
[SourceVersionDate "2018.06.28"]
[SourceQuality "1"]

1. c4 g6 2. d4 Bg7 3. Nf3 e6 4. Nc3 Ne7 5. g3 d5 6. Bg2 0-0 7. 0-0 c6 8. cxd5 exd5 9. Bf4 Na6 10. Qd2 Nf5 11. g4 Nd6 12. h3 Re8 13. Rad1 Nc4 14. Qc1 Nc7 15. b3 Nd6 16. e3 Ne6 17. Be5 f6 18. Bh2 Bh6 19. Qa3 Bf8 20. Qc1 a6 21. Ne2 Nb5 22. Nf4 a5 23. a4 Nd6 24. Qc2 Ne4 25. Kh1 Bb4 26. Nd3 Bd6 27. Bxd6 Qxd6 28. Rc1 Bd7 29. Nc5 N6xc5 30. dxc5 Qe7 31. Nd4 Qg7 32. Qe2 Re5 33. Kh2 Rae8 34. Nf3 R5e7 35. Nd4 Kh8 36. Bxe4 Rxe4 37. Qf3 h5 38. Nf5 gxf5 39. gxf5 Qh7 40. Rg1 Bxf5 41. Qg3 d4 42. Qd6 Qe7 43. Qxe7 R8xe7 44. exd4 Rxd4 45. Rg3 Rd3 46. Rc3 Red7 0-1

[Event "Villa Martelli ProAm op 24th"]
[Site "Villa Martelli"]
[Date "2017.10.01"]
[Round "2"]
[White "Amedei, Hugo"]
[Black "Mosconi, Ariel Oscar"]
[Result "0-1"]
[WhiteElo "1541"]
[BlackElo "2077"]
[PlyCount "72"]
[EventDate "2017.10.01"]
[EventType "swiss"]
[EventRounds "9"]
[EventCountry "ARG"]
[SourceTitle "CBM 181 Extra"]
[Source "ChessBase"]
[SourceDate "2017.12.12"]
[SourceVersion "1"]
[SourceVersionDate "2017.12.12"]
[SourceQuality "1"]

1. d4 d6 2. Nf3 c6 3. c4 Qc7 4. Nc3 e5 5. Qd3 Be7 6. Bg5 Nf6 7. Bxf6 Bxf6 8. Ne4 Be7 9. dxe5 dxe5 10. Qc3 f6 11. c5 Be6 12. e3 Bd5 13. Ned2 Nd7 14. e4 Bf7 15. b4 b6 16. cxb6 Qxb6 17. a3 a5 18. Rb1 axb4 19. axb4 0-0 20. Nc4 Qb8 21. Bd3 Ra4 22. 0-0 Bxb4 23. Qc2 Qa7 24. Nb2 Ra3 25. Qxc6 Rc3 26. Nc4 Rxd3 27. Rxb4 Qa2 28. Nd6 Nb8 29. Qc7 Na6 30. Qb6 Nxb4 31. Qxb4 Qb3 32. Qc5 Rd1 33. h3 Rd8 34. Nf5 Rxf1+ 35. Kxf1 Rd1+ 36. Ne1 Qc4+ 0-1

[Event "ARG-ch sf"]
[Site "Vicente Lopez"]
[Date "2016.06.30"]
[Round "7"]
[White "Mosconi, Ariel Oscar"]
[Black "Arias, Juan Cruz"]
[Result "0-1"]
[WhiteElo "2054"]
[BlackElo "2207"]
[PlyCount "70"]
[EventDate "2016.06.25"]
[EventType "swiss"]
[EventRounds "9"]
[EventCountry "ARG"]
[SourceTitle "CBM 173 Extra"]
[Source "ChessBase"]
[SourceDate "2016.08.29"]
[SourceVersion "1"]
[SourceVersionDate "2016.08.29"]
[SourceQuality "1"]

1. Nf3 d5 2. b3 c6 3. Bb2 Bg4 4. h3 Bxf3 5. exf3 Nd7 6. d4 g6 7. Nc3 Bg7 8. f4 Qb6 9. Na4 Qb4+ 10. c3 Qd6 11. Bc1 b5 12. Nb2 b4 13. Nd3 bxc3 14. Be3 Ngf6 15. Be2 0-0 16. 0-0 Ne4 17. Qc2 c5 18. dxc5 Ndxc5 19. Nxc5 Nxc5 20. Rad1 Rfd8 21. Bf3 Qc6 22. b4 Ne4 23. Rxd5 Rxd5 24. Bxe4 e6 25. Bxd5 exd5 26. Rd1 Qc4 27. Bc5 d4 28. Qe4 Rd8 29. Qe7 Qd5 30. f5 Bf8 31. Qf6 Bxc5 32. bxc5 c2 33. Rf1 d3 34. c6 d2 35. c7 d1Q 0-1

[Event "ARG-ch sf"]
[Site "Vicente Lopez"]
[Date "2016.06.25"]
[Round "1"]
[White "Perez, Maximiliano"]
[Black "Mosconi, Ariel Oscar"]
[Result "1/2-1/2"]
[WhiteElo "2428"]
[BlackElo "2054"]
[PlyCount "115"]
[EventDate "2016.06.25"]
[EventType "swiss"]
[EventRounds "9"]
[EventCountry "ARG"]
[SourceTitle "CBM 173 Extra"]
[Source "ChessBase"]
[SourceDate "2016.08.29"]
[SourceVersion "1"]
[SourceVersionDate "2016.08.29"]
[SourceQuality "1"]

1. e4 e6 2. d4 d5 3. Nd2 Be7 4. Ngf3 Nf6 5. Bd3 c5 6. exd5 exd5 7. dxc5 Bxc5 8. Nb3 Be7 9. h3 Nc6 10. 0-0 0-0 11. Re1 h6 12. Bf4 Bd6 13. Qd2 Nb4 14. Bxd6 Qxd6 15. c3 Nxd3 16. Qxd3 Qf4 17. Re5 Qa4 18. Nbd4 Bd7 19. a3 Qa5 20. Rae1 Qb6 21. R1e2 Rfe8 22. Rxe8+ Rxe8 23. Ne5 Qc7 24. Ndf3 a6 25. Qd4 Bf5 26. Nh4 Be4 27. Ng4 Nxg4 28. hxg4 Re6 29. Re3 Qe7 30. Nf3 Bxf3 31. gxf3 Qg5 32. Kf1 h5 33. gxh5 Qxh5 34. Ke2 Qf5 35. Qd3 Rxe3+ 36. fxe3 Qh5 37. b3 Qh2+ 38. Ke1 Qb2 39. Qxd5 Qxc3+ 40. Kf2 Qb2+ 41. Kg3 Qxa3 42. Qxb7 Qd6+ 43. f4 Qg6+ 44. Kf3 Qh5+ 45. Kf2 Qh4+ 46. Ke2 Qh5+ 47. Kd2 Qa5+ 48. b4 Qa2+ 49. Kd3 Qb3+ 50. Kd4 Qb2+ 51. Kc5 Qc3+ 52. Kd5 Qd3+ 53. Kc6 Qc4+ 54. Kd7 Qe6+ 55. Kc7 Qxe3 56. Qc8+ Kh7 57. Qf5+ Kg8 58. Qc8+ 1/2-1/2

[Event "Asuncion zt 2.5"]
[Site "Asuncion"]
[Date "2015.04.30"]
[Round "5"]
[White "Mosconi, Ariel Oscar"]
[Black "Roselli Mailhe, Bernardo"]
[Result "0-1"]
[WhiteElo "2049"]
[BlackElo "2417"]
[PlyCount "72"]
[EventDate "2015.04.27"]
[EventType "swiss"]
[EventRounds "9"]
[EventCountry "PAR"]
[SourceTitle "CBM 166 Extra"]
[Source "ChessBase"]
[SourceDate "2015.06.18"]
[SourceVersion "1"]
[SourceVersionDate "2015.06.18"]
[SourceQuality "1"]

1. Nf3 Nf6 2. b3 g6 3. Bb2 Bg7 4. d4 0-0 5. Nc3 d5 6. e3 b6 7. Bd3 Bb7 8. h4 h5 9. Ng5 Nbd7 10. f4 e6 11. Qf3 Qe7 12. 0-0 Ng4 13. Qg3 c5 14. Nd1 Rac8 15. c3 Rc7 16. f5 Nde5 17. dxe5 Bxe5 18. Qh3 exf5 19. a4 a5 20. Ra2 c4 21. Bc2 Re8 22. Ba3 Bd6 23. Bxd6 Qxd6 24. Rf3 f6 25. Rxf5 gxf5 26. Nf3 f4 27. Bg6 cxb3 28. Re2 Ree7 29. Bxh5 Nxe3 30. Nd4 Bc8 31. Qf3 Nxd1 32. Nb5 Qc5+ 33. Kh2 Rxe2 34. Qxe2 Ne3 35. Nxc7 Qxc7 36. Bf3 Qc4 0-1

[Event "Asuncion zt 2.5"]
[Site "Asuncion"]
[Date "2015.04.27"]
[Round "1"]
[White "Mosconi, Ariel Oscar"]
[Black "Perez Ponsa, Federico"]
[Result "0-1"]
[WhiteElo "2049"]
[BlackElo "2540"]
[PlyCount "66"]
[EventDate "2015.04.27"]
[EventType "swiss"]
[EventRounds "9"]
[EventCountry "PAR"]
[SourceTitle "CBM 166 Extra"]
[Source "ChessBase"]
[SourceDate "2015.06.18"]
[SourceVersion "1"]
[SourceVersionDate "2015.06.18"]
[SourceQuality "1"]

1. b3 d5 2. Bb2 Bg4 3. f3 Bf5 4. e3 Nf6 5. Nc3 e5 6. Nce2 Bd6 7. Ng3 Bg6 8. Bd3 Bxd3 9. cxd3 Qd7 10. Nh3 Nc6 11. 0-0 0-0-0 12. a3 h5 13. Qc2 h4 14. Ne2 Rhg8 15. d4 e4 16. Nc3 exf3 17. Rxf3 Ng4 18. Nf4 Ne7 19. h3 Nf6 20. Nd3 Ne4 21. Ne5 Bxe5 22. dxe5 g5 23. Nxe4 dxe4 24. Rf2 g4 25. Qxe4 gxh3 26. e6 fxe6 27. Bf6 Rdf8 28. Raf1 hxg2 29. Rxg2 Rxg2+ 30. Qxg2 Rg8 31. Bg5 Qd5 32. e4 Qxg5 33. Rf8+ Kd7 0-1

[Event "Veneto Region-ch"]
[Site "Arqua Petrarca"]
[Date "2006.05.14"]
[Round "6"]
[White "Andolfatto, Biagio"]
[Black "Mosconi, Ariel Oscar"]
[Result "0-1"]
[WhiteElo "1684"]
[BlackElo "2122"]
[PlyCount "72"]
[EventDate "2006.05.06"]
[EventType "swiss"]
[EventRounds "6"]
[EventCountry "ITA"]
[SourceTitle "EXT 2011"]
[Source "ChessBase"]
[SourceDate "2010.11.26"]
[SourceVersion "1"]
[SourceVersionDate "2010.11.26"]
[SourceQuality "1"]

1. c4 e5 2. Nc3 Ne7 3. d3 Nec6 4. e3 g6 5. a3 a5 6. g3 Bg7 7. Bg2 0-0 8. Nge2 d6 9. 0-0 Be6 10. Rb1 Na6 11. Nd5 Qd7 12. Re1 Bh3 13. Bh1 Rae8 14. Nec3 f5 15. f4 h6 16. Bd2 g5 17. Bg2 Bxg2 18. Kxg2 Nc5 19. Qc2 gxf4 20. exf4 Nd4 21. Qd1 Nxd3 22. Rf1 e4 23. Be3 c6 24. Nb6 Qc7 25. Nba4 Qf7 26. b3 Re6 27. Ne2 Nxe2 28. Qxe2 b5 29. cxb5 cxb5 30. Nb6 Qb7 31. Qd2 d5 32. Nxd5 Qxd5 33. Qxa5 Ra8 34. Qc7 Rc6 35. Qe7 Rc2+ 36. Kh1 Re2 0-1

[Event "Veneto Region-ch"]
[Site "Arqua Petrarca"]
[Date "2006.05.14"]
[Round "5"]
[White "Mosconi, Ariel Oscar"]
[Black "Pomaro, Alberto"]
[Result "0-1"]
[WhiteElo "2122"]
[BlackElo "2011"]
[PlyCount "62"]
[EventDate "2006.05.06"]
[EventType "swiss"]
[EventRounds "6"]
[EventCountry "ITA"]
[SourceTitle "EXT 2011"]
[Source "ChessBase"]
[SourceDate "2010.11.26"]
[SourceVersion "1"]
[SourceVersionDate "2010.11.26"]
[SourceQuality "1"]

1. d4 Nf6 2. c4 g6 3. Nc3 Bg7 4. e4 d6 5. f3 0-0 6. Bg5 c6 7. Qd2 Nbd7 8. Nge2 a6 9. g4 b5 10. Ng3 Qc7 11. h4 bxc4 12. h5 d5 13. e5 Nxe5 14. dxe5 Qxe5+ 15. Nge2 d4 16. 0-0-0 dxc3 17. Nxc3 Nd5 18. hxg6 Nxc3 19. gxf7+ Rxf7 20. bxc3 Rxf3 21. Bxc4+ Be6 22. Bxe6+ Qxe6 23. Rhe1 Qc4 24. Re3 Bxc3 25. Qd3 Qb4 26. Rh1 Qb2+ 27. Kd1 Qa1+ 28. Ke2 Qxh1 29. Qc4+ Rf7 30. Rxc3 Rd8 31. Bd2 Qf1+ 0-1

[Event "Veneto Region-ch"]
[Site "Arqua Petrarca"]
[Date "2006.05.13"]
[Round "4"]
[White "Caruso, Augusto"]
[Black "Mosconi, Ariel Oscar"]
[Result "1-0"]
[WhiteElo "2274"]
[BlackElo "2122"]
[PlyCount "115"]
[EventDate "2006.05.06"]
[EventType "swiss"]
[EventRounds "6"]
[EventCountry "ITA"]
[SourceTitle "EXT 2011"]
[Source "ChessBase"]
[SourceDate "2010.11.26"]
[SourceVersion "1"]
[SourceVersionDate "2010.11.26"]
[SourceQuality "1"]

1. e4 e5 2. Nf3 Nc6 3. Bb5 f5 4. d3 Nf6 5. 0-0 Be7 6. Nc3 0-0 7. a4 Kh8 8. h3 a6 9. Bc4 f4 10. Nd5 d6 11. c3 Bd7 12. b4 Be8 13. Ng5 Bh5 14. Ne6 Bxd1 15. Nxd8 Nxd5 16. Nxc6 bxc6 17. exd5 Be2 18. Re1 f3 19. dxc6 e4 20. Ra2 Bf6 21. Raxe2 fxe2 22. d4 a5 23. b5 Rad8 24. Bd5 Rde8 25. Rxe2 Re7 26. Be3 h5 27. g3 g5 28. Kg2 Kg7 29. c4 Rd8 30. Kf1 g4 31. h4 Ree8 32. Rd2 Kg6 33. Ke2 Bg7 34. Bf4 Bh6 35. Bxh6 Kxh6 36. Rb2 Rb8 37. c5 dxc5 38. dxc5 Re5 39. Rd2 Kg7 40. Ke3 Kf6 41. Kd4 Rxd5+ 42. Kxd5 Rd8+ 43. Kc4 Rxd2 44. b6 Rd8 45. Kb5 Ke5 46. Kxa5 e3 47. fxe3 Ke4 48. bxc7 Rg8 49. Kb6 Kf3 50. Kb7 Kxg3 51. c8Q Rxc8 52. Kxc8 Kxh4 53. c7 g3 54. Kb7 g2 55. c8Q g1Q 56. Qd8+ Kh3 57. Qd7+ Kh4 58. Qe7+ 1-0

[Event "Alta Padovana op-A 6th"]
[Site "Loreggia"]
[Date "2006.02.25"]
[Round "2.2"]
[White "Mosconi, Ariel Oscar"]
[Black "Vianello, Enrico"]
[Result "0-1"]
[WhiteElo "2156"]
[BlackElo "2087"]
[PlyCount "112"]
[EventDate "2006.02.24"]
[EventType "swiss"]
[EventRounds "5"]
[EventCountry "ITA"]
[SourceTitle "EXT 2024"]
[Source "ChessBase"]
[SourceDate "2023.10.10"]
[SourceVersion "1"]
[SourceVersionDate "2023.10.10"]
[SourceQuality "1"]

1. e4 d6 2. Ne2 g6 3. d4 Bg7 4. Nec3 c6 5. Be2 Qb6 6. d5 Nf6 7. 0-0 0-0 8. a4 Nbd7 9. a5 Qc7 10. Nd2 a6 11. Nb3 b5 12. axb6 Qxb6 13. Be3 c5 14. Ra2 Bb7 15. Na5 Ra7 16. Qd2 Nb8 17. f3 Nfd7 18. Rd1 Bc8 19. Kh1 Bh8 20. f4 f5 21. exf5 gxf5 22. Nc4 Qd8 23. Bd3 Ra8 24. Bg1 Qe8 25. Qe2 Bb7 26. Na5 Bc8 27. Re1 Rf7 28. Nc4 Qd8 29. Ne3 Nb6 30. Qh5 Qf8 31. Nb5 axb5 32. Rxa8 Nxa8 33. Bxb5 Bxb2 34. Rb1 Bd4 35. Rb3 Bxe3 36. Rxe3 Ba6 37. Rg3+ Rg7 38. Rxg7+ Kxg7 39. Be8 Nc7 40. Qg5+ Kh8 41. Bh5 Nxd5 42. Bf3 Nc7 43. Qg3 Nd7 44. Bc6 Nf6 45. Qc3 Bc8 46. Qa5 Ne6 47. Be3 Bd7 48. Bf3 Nd4 49. Bd1 Ng4 50. Bg1 Bc6 51. c3 Ne6 52. Qb6 Qa8 53. Qb2 Nxf4 54. Bd4+ cxd4 55. Bxg4 Bxg2+ 56. Kg1 fxg4 0-1

[Event "Padova op 8th"]
[Site "Padova"]
[Date "2005.12.15"]
[Round "6"]
[White "Mosconi, Ariel Oscar"]
[Black "Diotallevi, Maurizio"]
[Result "0-1"]
[WhiteElo "2164"]
[BlackElo "2113"]
[PlyCount "80"]
[EventDate "2005.12.10"]
[EventType "swiss"]
[EventRounds "9"]
[EventCountry "ITA"]
[SourceTitle "EXT 2008"]
[Source "ChessBase"]
[SourceDate "2007.11.25"]
[SourceVersion "1"]
[SourceVersionDate "2007.11.25"]
[SourceQuality "1"]

1. e4 e6 2. d3 d5 3. Nd2 Nf6 4. Ngf3 Nc6 5. g3 dxe4 6. dxe4 e5 7. Bg2 Bc5 8. 0-0 0-0 9. c3 a5 10. a4 Re8 11. h3 b6 12. Nh4 Ba6 13. Re1 g6 14. Bf3 Qe7 15. Qb3 Rad8 16. Kg2 Bc8 17. Qb5 Qe6 18. Rh1 Nb8 19. Qf1 Bb7 20. Kh2 Nbd7 21. Qg2 Bf8 22. Nf1 Nc5 23. Bg5 Be7 24. Bxf6 Bxf6 25. Ne3 Qb3 26. Rhb1 Qe6 27. b4 axb4 28. cxb4 Na6 29. Nd5 Bxd5 30. exd5 Qe7 31. b5 Nc5 32. a5 e4 33. Nf5 gxf5 34. Ra2 exf3 35. Qxf3 Qe4 36. Qd1 Rxd5 37. Qc1 Ne6 38. Qc6 Red8 39. Rc1 Nd4 40. Qxf6 Nf3+ 0-1

[Event "Piacenza op 1st"]
[Site "Piacenza"]
[Date "2005.11.04"]
[Round "1"]
[White "Mosconi, Ariel Oscar"]
[Black "Gaggino, Davide"]
[Result "0-1"]
[WhiteElo "2164"]
[BlackElo "2008"]
[PlyCount "152"]
[EventDate "2005.11.04"]
[EventType "swiss"]
[EventRounds "5"]
[EventCountry "ITA"]
[SourceTitle "CBM 109 Extra"]
[Source "ChessBase"]
[SourceDate "2006.01.03"]
[SourceVersion "2"]
[SourceVersionDate "2006.01.03"]
[SourceQuality "1"]

1. g3 d5 2. Bg2 Nf6 3. d3 c6 4. Nf3 Bf5 5. 0-0 Qc8 6. Re1 Bh3 7. Bh1 Nbd7 8. Nbd2 e5 9. Ng5 Bg4 10. h3 h6 11. hxg4 hxg5 12. Nf3 Nxg4 13. Bxg5 f6 14. Bd2 Rxh1+ 15. Kg2 Rxe1 16. Bxe1 Nb6 17. a4 Qf5 18. a5 Nd7 19. Ra4 0-0-0 20. e4 dxe4 21. dxe4 Qe6 22. Qe2 Be7 23. b4 Rh8 24. Nh4 Nh6 25. b5 c5 26. Qf3 Nf8 27. Bd2 g6 28. a6 b6 29. Ra1 Nf7 30. Rd1 Ng5 31. Bxg5 fxg5 32. Nf5 Kc7 33. Ne3 Qh3+ 34. Kg1 Qh2+ 35. Kf1 Qh1+ 36. Ke2 Qxf3+ 37. Kxf3 Bd8 38. Nc4 Nd7 39. Rd6 Rf8+ 40. Ke3 Rf6 41. Rd1 g4 42. Ke2 Re6 43. Rh1 Nf6 44. Kd3 Nh5 45. Ne3 Rd6+ 46. Nd5+ Kd7 47. Kc4 Nf6 48. Re1 Ke6 49. c3 Rd7 50. Re2 Rh7 51. Re3 Rh2 52. f3 gxf3 53. Rxf3 Nxe4 54. Rf8 Nd6+ 55. Kb3 Nf7 56. c4 Rh3 57. Re8+ Kd7 58. Nf6+ Bxf6 59. Ra8 Rxg3+ 60. Kc2 Nd6 61. Rxa7+ Kd8 62. Rh7 Nc8 63. Rf7 Rf3 64. a7 Nxa7 65. Rxa7 Kc8 66. Ra8+ Kc7 67. Rf8 g5 68. Kd2 e4 69. Ke2 g4 70. Rf7+ Kc8 71. Rf8+ Kc7 72. Rg8 g3 73. Rg4 Rf2+ 74. Ke3 Bd4+ 75. Kxe4 g2 76. Kd5 Rd2 0-1